Sulfamidoterapia (Record no. 36952)

MARC details
000 -LEADER
campo de control de longitud fija 00543nam a2200145 i 4500
001 - NÚMERO DE CONTROL
campo de control 36952
003 - IDENTIFICADOR DE NÚMERO DE CONTROL
campo de control ES-MaACL
007 - CAMPO FIJO DE DESCRIPCIÓN FÍSICA--INFORMACIÓN GENERAL
campo de control de longitud fija t|
008 - DATOS DE LONGITUD FIJA--INFORMACIÓN GENERAL
campo de control de longitud fija 030219s1942 ag ||||1| spa d
100 1# - ENTRADA PRINCIPAL--NOMBRE DE PERSONA
Nombre de persona Brunet Jeansalle, Adolfo.
9 (RLIN) 32169
245 10 - MENCIÓN DEL TÍTULO
Título Sulfamidoterapia
Resto del título : (quimioterapia por las sulfamidas) : estudio farmacológico y sus aplicaciones en cínica y cirugía /
Mención de responsabilidad, etc. Adolfo Brunet Jeansalle.
260 ## - PUBLICACIÓN, DISTRIBUCIÓN, ETC.
Lugar de publicación, distribución, etc. Buenos Aires :
Nombre del editor, distribuidor, etc. El Ateneo,
Fecha de publicación, distribución, etc. [1942] (
Fabricante Talls. Gráfs. de Proventas)
300 ## - DESCRIPCIÓN FÍSICA
Extensión XVII, 152 p. ;
Dimensiones 27 cm.
852 ## - LOCALIZACIÓN
Ubicación ES-MaACL
Número de control de estantería E-5
Sublocalización o colección R.21311
Holdings
Estatus retirado Estado de pérdida Estado de daño No para préstamo Biblioteca de origen Biblioteca actual Ubicación en estantería Fecha de adquisición Fuente de adquisición Total de préstamos Signatura topográfica completa Código de barras Visto por última vez Precio de reemplazo Tipo de ítem Koha
        Biblioteca del Ateneo de Madrid Biblioteca del Ateneo de Madrid Depósito 2 17/01/2008     E-5 1038870 23/02/2023 23/02/2023 Libro impreso